000 01050cab a2200313 4500
001 ABS49992
008 090401t1994 xxu||||| |||| 00| 0 eng d
035 _a(Sirsi) u73563
041 _aeng
245 _aUnlawful eviction
260 _c1994
350 _a0
490 _aEstates Gazette
_v(9403) 22 January 1994, 123-124(2)
520 _aMainly for Students article examining the problems that can arise for a managing agent or valuer from the law relating to the unlawful eviction or harassment of a tenant. Quotes case law.
650 _aHANIFF V ROBINSON
650 _aHOUSING ACT 1988
650 _aJONES V MIAH
650 _aMANAGING AGENTS
650 _aMCCORMACK V NARNIOU
650 _aNORRIS V CHECKSFIELD
650 _aPROTECTION FROM EVICTION ACT 1977
650 _aR V BURKE
650 _aRAMDATH V OSWALD DALEY
650 _aTAGO V CAFANE
650 _aUNLAWFUL EVICTION
690 _aPROPERTY-RESIDENTIAL PROPERTY-RESIDENTIAL LANDLORD AND TENANT-RESIDENTIAL TENANCIES
942 _n0
948 _c04/03/1997
999 _c46481
_d46481